• 首页
  • 本馆介绍
  • 公告通知
  • 最新文献
  • 馆藏检索
  • 电子资源
  • 读者导购
  • 参考咨询
  • 我的图书馆
  • 登录
  • 详细信息显示
  • 放入我的书架
  • 预约/预借图书
  • 作者相关作品
  • 分类相关作品
  • 丛书相关作品
  • 出版社相关作品

书目信息

  • 表格格式
  • 工作单格式
  • 卡片格式
题名:
党的基本知识问答300题
    
 
作者: 扶元友 , 李忠武 编著
分册:  
出版信息: 北京   蓝天出版社  1990
页数: 194页
开本: 19厘米
丛书名:
单 册:
中图分类: D20
科图分类:
主题词: 中国共产党--基本知识
电子资源:
ISBN: 7-80081-095-X
000 00725nam 2200229 45
001 1261988531
005 20121004171504.54
010    @a7-80081-095-X@dCNY2.80
100    @a19901012d1990 em y0chiy0120 ea
101 0  @achi
102    @aCN@b110000
105    @ay z 000yy
200 10 @a党的基本知识问答300题@ADANG DE JI BEN ZHI SHI WEN DA 300 TI@f扶元友,李忠武编著@FFU YUAN YOU , LI ZHONG WU BIAN ZHU
210    @a北京@c蓝天出版社@d1990
215    @a194页@d19厘米
540 1  @a党 基本 知识 问答@ADANG JI BEN ZHI SHI WEN DA
606    @a中国共产党@x基本知识
690    @aD20
701  0 @a扶元友@AFU YUAN YOU@4编著
701  0 @a李忠武@ALI ZHONG WU@4编著
801  0 @aCN@bTSSF@c19901012
905    @a10447@dD20@eJY32
    
    党的基本知识问答300题/扶元友,李忠武编著.-北京:蓝天出版社,1990
    194页;19厘米
    
    
    ISBN 7-80081-095-X:CNY2.80
    
●
相关链接 在E读中查询图书 在五车中查询图书 在当当中查询图书 在豆瓣中查询图书


正题名:党的基本知识问答300题     索取号:D20/JY32         预约/预借

序号 登录号 条形码 馆藏地/架位号 状态 备注
1 7811517   278115175   学院路分馆/ [索取号:D20/JY32] 在馆    
2 7811518   278115184   学院路分馆/ [索取号:D20/JY32] 在馆    
3 7811519   278115193   学院路分馆/ [索取号:D20/JY32] 在馆    
4 7811520   278115200   学院路分馆/ [索取号:D20/JY32] 在馆    
唐山师范学院图书馆 欢迎您!
大连网信软件有限公司© 版权所有